Statistiques concernant Pays d'origine des Joueurs de la Ligue 1

Cliquez ici pour prendre le quiz!

Statistiques générales

  • Ce quiz a été pris 67 445 fois
    (25 865 depuis la dernière actualisation)
  • Le résultat moyen est 11 sur 16

Statistiques - réponses

# JoueursPays# Minutes% Correct
324France310 761
99%
11Espagne13 307
93%
16Maroc14 579
89%
21Algérie24 179
87%
23Brésil34 037
83%
21Portugal26 421
83%
6Argentine11 388
76%
22Sénégal22 154
74%
13Belgique20 659
72%
6Tunisie10 026
72%
17Cameroun13 740
58%
10Pays-Bas17 572
54%
15Côte d'Ivoire21 525
51%
15Mali23 306
51%
5Ghana10 617
28%
5Danemark10 120
22%

Distribution des résultats

Percentile par nombre de réponses

% des personnes avec chaque résultat

Votre développement - résultats

Vous n’avez pas pris ce quiz depuis la dernière actualisation